Currículo factor de cambio?

Este módulo busca servir como material de reflexión e información a los docentes sobre aspectos básicos del trabajo curricular, y su valor como factor de cambio.

Guardat en:
Dades bibliogràfiques
Autor principal: Franco de Machado, Clara
Format: Llibre
Idioma:Spanish
Publicat: Bogotá: Secretaría de Educación, 1982
Col·lecció:Capacitación docente
Matèries:
Accés en línia:Enlace del recurso
Etiquetes: Afegir etiqueta
Sense etiquetes, Sigues el primer a etiquetar aquest registre!

MARC

LEADER 00000nam a2200000 a 4500
001 001242
008 030926s1982 ck a fr# o000|0#spa#d
041 0 |a spa 
043 |a s-ck--- 
082 0 4 |a 375.001  |b F615c 
100 1 |a Franco de Machado, Clara 
245 1 0 |a Currículo factor de cambio?  |c Clara Franco de Machado 
260 |a Bogotá:  |b Secretaría de Educación,  |c 1982 
300 |a 145 p.:  |b il., gráf. 
440 0 |a Capacitación docente 
504 |a Incluye bibliografía. 
520 3 |a Este módulo busca servir como material de reflexión e información a los docentes sobre aspectos básicos del trabajo curricular, y su valor como factor de cambio. 
650 1 4 |a PLANES DE ESTUDIO  |z COLOMBIA 
650 1 4 |a CURRÍCULO 
999 |c 3394  |d 3394 
856 |u https://catalogo.idep.edu.co/cgi-bin/koha/opac-detail.pl?biblionumber=3394  |z Enlace del recurso